Formula One Race Winners 1960s - Sudden Death - Statistics

General Stats
  • This quiz has been taken 89 times
  • The average score is 11 of 21
Answers on the Grid
Answers color-coded by a green-red scale on the quiz's grid according to % correct below.
Bruce McLaren
Dan Guerney
Giancarlo Baghetti
John Love
Graham Hill
Jackie Stewart
Peter Arundell
Jacky Ickx
Jim Clark
Bob Anderson
Jim Rathmann
Jo Siffert
Piers Courage
Stirling Moss
Jochen Rindt
John Surtees
Lorenzo Bandini
Ludovico Scarfiotti
Mario Andretti
Jack Brabham
Denis Hulme
Innes Ireland
Masten Gregory
Niki Lauda
Pedro Rodriguez
Phil Hill
Richard Attwood
Richie Ginther
Trevor Taylor
Rodger Ward
Tony Brooks
Wolfgang von Trips
 
Answer Stats
Answer % Correct
Bruce McLaren
82%
Jim Clark
82%
Graham Hill
80%
Jackie Stewart
76%
Denis Hulme
72%
John Surtees
68%
Jack Brabham
66%
Phil Hill
66%
Dan Guerney
62%
Jacky Ickx
62%
Jochen Rindt
62%
Stirling Moss
54%
Wolfgang von Trips
50%
Giancarlo Baghetti
46%
Lorenzo Bandini
40%
Jo Siffert
38%
Pedro Rodriguez
34%
Ludovico Scarfiotti
32%
Richie Ginther
32%
Innes Ireland
30%
Jim Rathmann
14%
No matching quizzes found
Score Distribution
Percent of People with Each Score
Percentile by Number Answered
Your Score History
You have not taken this quiz